000 00488cam a2200181ua 4500
020 _a81 85623 101 5
_c175.00
041 _aeng
_h
082 _a005.133
_bDEV/UN
100 _aDevignon, Bernhard .
245 _aUNIX : C- programming a manual /
_cBernhard Devignon.
_hTextual Documents
250 _a1 /
_b.
260 _aNewdelhi :
_bGalgolia publications pvt ltd ,
_c1992.
300 _a429 ; .
365 _a175.00
504 _a
942 _cBK
999 _c9509
_d9509